000 00702nam a2200241Ia 4500
003 OSt
005 20220918211909.0
006 a|||||r|||| 00| 0
007 ta
008 220917b |||||||| |||| 00| 0 eng d
024 _a126,146
037 _cTextual
040 _aARTS
_cARTS
_beng
041 _2eng
_aeng
082 _aW:(Q7)xN, M2
100 _aHamid Enayat
_9121675
245 0 _aModern Islamic political thought
_b the response of the Shiya and Sunni Muslims to the twentieth century
260 _aLondon
_bMacmillan
_c1982
300 _axii,225p.
_ccm.
650 _aPOLITICAL SCIENCE
942 _hW:(Q7)xN, M2
_cTEXL
_2CC
999 _c249291
_d249291